Guess The Beatles Lyrics #2 - Statistics

General Stats
  • This quiz has been taken 128 times
  • The average score is 255 of 312
Answer Stats
Answer % Correct
you
95%
the
90%
be
89%
Love
89%
love
89%
(Love
89%
All
85%
all
85%
(all
85%
is
85%
to
85%
do
83%
need
83%
need)
83%
that
83%
can
82%
No
81%
It's
77%
nothing
77%
Nothing
77%
There's
76%
can't
74%
done
74%
in
70%
easy
69%
sing
69%
sung
69%
(She
65%
say
63%
yeah)
63%
yeah
63%
how
60%
but
58%
(Oh
58%
play
58%
game
57%
loves
55%
now)
55%
learn
53%
see
52%
one
51%
time
51%
know
50%
together
50%
isn't
49%
you're
47%
make
46%
made
45%
where
45%
known
40%
save
39%
saved
39%
(Everybody)
35%
shown
34%
meant
33%
nowhere
33%
Yesterday
26%
Whoa
17%
No matching quizzes found
Score Distribution
Percent of People with Each Score
Percentile by Number Answered
Your Score History
You have not taken this quiz